Diario de campaña de Máximo Gómez / (Registro nro. 13733)
[ vista simple ]
| 000 -LEADER | |
|---|---|
| fixed length control field | 00907nam a2200253 a 4500 |
| 001 - CONTROL NUMBER | |
| control field | |
| 003 - CONTROL NUMBER IDENTIFIER | |
| control field | OSt |
| 005 - DATE AND TIME OF LATEST TRANSACTION | |
| control field | 20230210101005.0 |
| 008 - FIXED-LENGTH DATA ELEMENTS--GENERAL INFORMATION | |
| fixed length control field | 110331s2017 dr 000 0 spa d |
| 040 ## - CATALOGING SOURCE | |
| Original cataloging agency | DO-SdBNP |
| Language of cataloging | spa |
| Transcribing agency | BPMSU |
| 082 #4 - DEWEY DECIMAL CLASSIFICATION NUMBER | |
| Classification number | 923.57293 |
| Item number | G633d 2017 |
| Edition number | 22 |
| 100 1# - MAIN ENTRY--PERSONAL NAME | |
| Personal name | Gómez, Máximo, |
| Dates associated with a name | 1836-1905 |
| 245 10 - TITLE STATEMENT | |
| Title | Diario de campaña de Máximo Gómez / |
| Statement of responsibility, etc. | Gómez, Máximo |
| 260 ## - PUBLICATION, DISTRIBUTION, ETC. (IMPRINT) | |
| Place of publication, distribution, etc. | Santo Domingo : |
| Name of publisher, distributor, etc. | Fundación Máxomo Gómez, |
| Date of publication, distribution, etc. | 2017 |
| 300 ## - PHYSICAL DESCRIPTION | |
| Extent | 487 p. ; |
| Dimensions | 23 cm. |
| 500 ## - GENERAL NOTE | |
| General note | Homenaje al conmemorarse el centernario de la Guerra de los Diez Años |
| 590 ## - LOCAL NOTE (RLIN) | |
| Local note | Inventariado, 2021/VM |
| 600 14 - SUBJECT ADDED ENTRY--PERSONAL NAME | |
| Personal name | Gómez, Máximo, |
| Dates associated with a name | 1836-1905 |
| Form subdivision | Correspondencias, memorias, etc. |
| 651 #4 - SUBJECT ADDED ENTRY--GEOGRAPHIC NAME | |
| Geographic name | Cuba |
| General subdivision | Historia |
| Chronological subdivision | Guerra de los Diez Años, 1868-1878 |
| 651 #4 - SUBJECT ADDED ENTRY--GEOGRAPHIC NAME | |
| Geographic name | Cuba |
| General subdivision | Historia |
| Chronological subdivision | Guerra de independencia, 1895-1898 |
| 710 2# - ADDED ENTRY--CORPORATE NAME | |
| Corporate name or jurisdiction name as entry element | Fundación Máxomo Gómez (República Dominicana) |
| 910 ## - USER-OPTION DATA (OCLC) | |
| User-option data | Vmateo V. |
| 942 ## - ADDED ENTRY ELEMENTS (KOHA) | |
| Source of classification or shelving scheme | Dewey Decimal Classification |
| Koha item type | Libros |
| Withdrawn status | Lost status | Source of classification or shelving scheme | Damaged status | Not for loan | Collection code | Home library | Current library | Date acquired | Source of acquisition | Total Checkouts | Full call number | Barcode | Date last seen | Copy number | Price effective from | Koha item type |
|---|---|---|---|---|---|---|---|---|---|---|---|---|---|---|---|---|
| Dewey Decimal Classification | Colección Dominicana | Biblioteca Pública Metropolitana Salomé Ureña | Biblioteca Pública Metropolitana Salomé Ureña | 11/08/2021 | Fundacón Juan Bosch | BPMSU CD 923.57293 G633d 2017 | BPMSU21110050 | 11/08/2021 | v.1 | 11/08/2021 | Libros | |||||
| Dewey Decimal Classification | Colección Dominicana | Biblioteca Pública Metropolitana Salomé Ureña | Biblioteca Pública Metropolitana Salomé Ureña | 11/08/2021 | Fundacón Juan Bosch | BPMSU CD 923.57293 G633d 2017 | BPMSU21110051 | 11/08/2021 | v.1, e.2 | 11/08/2021 | Libros |